000 00328nam a22001457a 4500
003 OSt
005 20160727222357.0
008 160622b xxu||||| |||| 00| 0 eng d
040 _cTEST
100 _9573
_aHenry, M
245 _aKing of the Wind
260 _aN.Y
_bChildren's
_c1948
300 _aKing of the Wind
942 _2ddc
_cBK
999 _c477
_d477